Catálogo de la Biblioteca Horacio González - Universidad Nacional de General Sarmiento

La semana trágica : (Registro nro. 53791)

Detalles MARC
000 -CABECERA
campo de control de longitud fija 01356ngm a22003850a 4500
001 - NÚMERO DE CONTROL
campo de control PT14834
003 - IDENTIFICADOR DEL NÚMERO DE CONTROL
campo de control AR-LpoUNG
005 - FECHA Y HORA DE LA ÚLTIMA TRANSACCIÓN
campo de control 20210201235928.0
007 - CAMPO FIJO DE DESCRIPCIÓN FÍSICA--INFORMACIÓN GENERAL
campo de control de longitud fija vd cvaizq
008 - DATOS DE LONGITUD FIJA--INFORMACIÓN GENERAL
campo de control de longitud fija 191001ss.f.||||ag |||||||||||||||||spa d
037 ## - FUENTE DE ADQUISICIÓN
Condiciones de disponibilidad $10
040 ## - FUENTE DE LA CATALOGACIÓN
Centro catalogador/agencia de origen AR-LpoUNG
Lengua de catalogación spa
Centro/agencia transcriptor AR-LpoUNG
Normas de descripción aacr
041 ## - CÓDIGO DE LENGUA
Código de lengua del texto/banda sonora o título independiente spa
044 ## - CÓDIGO DEL PAÍS DE LA ENTIDAD EDITORA/PRODUCTORA
Código MARC del país ag
082 0# - NÚMERO DE LA CLASIFICACIÓN DECIMAL DEWEY
Número de clasificación 982.061 629sem
245 13 - MENCIÓN DE TÍTULO
Título La semana trágica :
Resto del título 1919
260 ## - PUBLICACIÓN, DISTRIBUCIÓN, ETC.
Lugar de publicación, distribución, etc. Buenos Aires :
Nombre del editor, distribuidor, etc. Blackman,
Fecha de publicación, distribución, etc. s.f..
300 ## - DESCRIPCIÓN FÍSICA
Extensión VHS (25 min.) : son., byn, col.
520 ## - SUMARIO, ETC.
Sumario, etc. El presente es un documental inédito sobre los sucesos de 1919, cuando los Talleres Metalúrgicos Vasena, en Parque de los Patricios, fueron el epicentro de una protesta. Allí en los primeros días de ese año los obreros pedían la reducción de la jornada laboral de once a ocho horas, descanso dominical, aumento de sueldos y que se dejaran sin efecto los despidos. La respuesta, encarnizada, no se hizo esperar.
650 #4 - PUNTO DE ACCESO ADICIONAL DE MATERIA--TÉRMINO DE MATERIA
Término de materia o nombre geográfico como elemento de entrada ANALISIS HISTORICO
650 #4 - PUNTO DE ACCESO ADICIONAL DE MATERIA--TÉRMINO DE MATERIA
Término de materia o nombre geográfico como elemento de entrada ARGENTINA
650 #4 - PUNTO DE ACCESO ADICIONAL DE MATERIA--TÉRMINO DE MATERIA
Término de materia o nombre geográfico como elemento de entrada ASPECTOS SOCIALES
650 #4 - PUNTO DE ACCESO ADICIONAL DE MATERIA--TÉRMINO DE MATERIA
Término de materia o nombre geográfico como elemento de entrada CONDICIONES DE TRABAJO
650 #4 - PUNTO DE ACCESO ADICIONAL DE MATERIA--TÉRMINO DE MATERIA
Término de materia o nombre geográfico como elemento de entrada CONFLICTOS LABORALES
650 #4 - PUNTO DE ACCESO ADICIONAL DE MATERIA--TÉRMINO DE MATERIA
Término de materia o nombre geográfico como elemento de entrada HISTORIA
650 #4 - PUNTO DE ACCESO ADICIONAL DE MATERIA--TÉRMINO DE MATERIA
Término de materia o nombre geográfico como elemento de entrada HORAS DE TRABAJO
650 #4 - PUNTO DE ACCESO ADICIONAL DE MATERIA--TÉRMINO DE MATERIA
Término de materia o nombre geográfico como elemento de entrada HUELGAS
650 #4 - PUNTO DE ACCESO ADICIONAL DE MATERIA--TÉRMINO DE MATERIA
Término de materia o nombre geográfico como elemento de entrada MOVIMIENTOS OBREROS
650 #4 - PUNTO DE ACCESO ADICIONAL DE MATERIA--TÉRMINO DE MATERIA
Término de materia o nombre geográfico como elemento de entrada TRABAJADORES
651 #4 - PUNTO DE ACCESO ADICIONAL DE MATERIA--NOMBRE GEOGRÁFICO
Nombre geográfico Argentina
653 ## - TÉRMINO DE INDIZACIÓN--NO CONTROLADO
Término no controlado DOCUMENTALES
653 ## - TÉRMINO DE INDIZACIÓN--NO CONTROLADO
Término no controlado VIDEOS
905 ## - ELEMENTOS DE DATOS E LOCAL, LDE (RLIN)
a 14834
942 ## - ELEMENTOS DE PUNTO DE ACCESO ADICIONAL (KOHA)
Tipo de ítem Koha Video
Existencias
Estado de retiro Estado de pérdida Estado dañado No para préstamo Código de colección Localización permanente Ubicación/localización actual Fecha de adquisición Total de préstamos Signatura topográfica completa Código de barras Fecha visto por última vez Precio válido a partir de Tipo de ítem Koha
        Colección Cine Biblioteca Universidad Nacional de General Sarmiento Biblioteca Universidad Nacional de General Sarmiento 01/02/2021   982.061 629sem 00008683 01/02/2021 01/02/2021 Video